000 01392nam a2200445 i 4500
001 54008
003 KOSZ 005
005 20220929140249.0
008 071112s2007 pl a |000 0 pol
015 _aUWD 2007/25023
020 _a9788360089606
035 _a991038162999705066
035 _a(PL-WaBN)b20222208-48omnis_nlop
035 _ab20222208
035 _a(OCoLC)749337730
035 _azz2007887346
035 _a(PL)b0000002022220
035 _a(EXLNZ-48OMNIS_NETWORK)9910233323605606
040 _aWA N
_cWA N
_dKOSZ 005/HR
046 _k2007
080 _a(07)
080 _a657.05
100 1 _aSzczypa, Piotr
_eAutor
245 1 0 _aRachunkowość zarządcza - klucz do sukcesu /
_cPiotr Szczypa.
260 _aWarszawa :
_bCeDeWu,
_c2007.
300 _a302 s. :
_bil. ;
_c24 cm.
336 _aTekst
_btxt
_2rdacontent
337 _aBez urządzenia pośredniczącego
_bn
_2rdamedia
338 _aWolumin
_bnc
_2rdacarrier
380 _aKsiążki
388 _a2001-
504 _aBibliogr. s. 299-302.
650 7 _aRachunkowość zarządcza
_2DBN
655 7 _aPodręczniki akademickie
_2DBN
658 _aGospodarka, ekonomia, finanse
710 2 _aCeDeWu
_4pbl
856 _uhttp://koha.tu.koszalin.pl/cgi-bin/koha/opac-detail.pl?biblionumber=54008
_yKatalog online BPK
942 _2UKD
_cKS
999 _c54008
_d54008